[Event "Titled Tuesday intern op 16th Jan Early"]
[Site "Chess.com INT"]
[Date "2024.01.16"]
[Round "1"]
[White "Munoz, Francisco Javier"]
[Black "Nord, Alexander"]
[Result "1-0"]
[WhiteElo "2389"]
[BlackElo "2209"]
[PlyCount "123"]
[EventDate "2024.01.16"]
[EventType "swiss (blitz)"]
[EventRounds "11"]
[EventCountry "USA"]
[SourceTitle "CB04_2024"]
[SourceDate "2023.10.16"]
[SourceVersion "1"]
[SourceVersionDate "2023.10.16"]
[SourceQuality "1"]

1. e4 g6 2. Nc3 Bg7 3. d4 c6 4. Be3 d5 5. Qd2 dxe4 6. Nxe4 Nd7 7. 0-0-0 Ngf6 8. Nxf6+ Nxf6 9. Kb1 0-0 10. Bd3 Ng4 11. Ne2 Nxe3 12. Qxe3 Re8 13. f4 Be6 14. h3 Rc8 15. g4 c5 16. dxc5 Qa5 17. Nc1 Qxc5 18. Qxc5 Rxc5 19. Nb3 Rcc8 20. f5 Bd5 21. Rhe1 e6 22. fxe6 Bxe6 23. Be4 b6 24. c3 Red8 25. Bb7 Rxd1+ 26. Rxd1 Rb8 27. Bg2 Bf6 28. Nd4 Rd8 29. b3 h5 30. gxh5 gxh5 31. Kc2 Bc8 32. b4 h4 33. a4 Re8 34. Kd3 Bg5 35. Be4 Bxh3 36. Rg1 f6 37. b5 Bd7 38. Nf3 Re7 39. Nxg5 fxg5 40. Rxg5+ Rg7 41. Rh5 h3 42. Kd4 Kf8 43. Ke5 Ke7 44. c4 Bc8 45. Rh8 Bd7 46. Rh5 Bc8 47. Bc6 Be6 48. Rh8 Bg4 49. Kd4 Be6 50. c5 Rg4+ 51. Ke5 bxc5 52. Rh7+ Bf7 53. a5 Rg5+ 54. Kf4 Rg8 55. Bd5 Rf8 56. Ke5 Ke8 57. Bc6+ Ke7 58. Rxh3 Be6 59. Rh7+ Rf7 60. Rxf7+ Bxf7 61. b6 axb6 62. a6 1-0

[Event "EU-ch U18 30th"]
[Site "Antalya"]
[Date "2022.11.11"]
[Round "6"]
[White "Liu, Casper Yukun"]
[Black "Nord, Alexander"]
[Result "1-0"]
[WhiteElo "2315"]
[BlackElo "2201"]
[PlyCount "29"]
[EventDate "2022.11.06"]
[EventType "swiss"]
[EventRounds "9"]
[EventCountry "TUR"]
[SourceTitle "EXT 2024"]
[Source "ChessBase"]
[SourceDate "2023.10.10"]
[SourceVersion "1"]
[SourceVersionDate "2023.10.10"]
[SourceQuality "1"]

1. d4 Nf6 2. c4 e6 3. Nf3 d5 4. Nc3 Be7 5. g3 0-0 6. Bg2 b6 7. cxd5 exd5 8. Ne5 Bb7 9. Qa4 c5 10. 0-0 Qc8 11. Bg5 Rd8 12. dxc5 h6 13. Bf4 Qxc5 14. Rfd1 Na6 15. Rac1 1-0

[Event "Titled Tuesday intern op 25th Oct Early"]
[Site "Chess.com INT"]
[Date "2022.10.25"]
[Round "1"]
[White "Nord, Alexander"]
[Black "Krysa, Leandro Sergio"]
[Result "0-1"]
[WhiteElo "2177"]
[BlackElo "2524"]
[PlyCount "107"]
[EventDate "2022.10.25"]
[EventType "swiss (blitz)"]
[EventRounds "11"]
[EventCountry "USA"]
[SourceTitle "EXT 2024"]
[Source "ChessBase"]
[SourceDate "2023.10.10"]
[SourceVersion "1"]
[SourceVersionDate "2023.10.10"]
[SourceQuality "1"]

1. b3 Nf6 2. Bb2 g6 3. Nf3 Bg7 4. g3 b6 5. Bg2 Bb7 6. 0-0 0-0 7. c4 c5 8. Nc3 d6 9. d3 Nbd7 10. a3 e6 11. b4 a6 12. e3 Qc7 13. Qe2 Rac8 14. b5 a5 15. e4 Rfe8 16. Nh4 d5 17. Qc2 dxc4 18. dxc4 g5 19. Nf3 g4 20. Nd2 Ne5 21. Ne2 Rcd8 22. Rfd1 Ng6 23. h3 gxh3 24. Bxh3 h5 25. Bg2 h4 26. Bc3 hxg3 27. Nxg3 Qf4 28. Ndf1 Nh4 29. Qc1 Nf3+ 30. Bxf3 Qxf3 31. Qe3 Qxe3 32. Nxe3 Nxe4 33. Bxg7 Kxg7 34. Nxe4 Bxe4 35. Kf1 Rd4 36. Rxd4 cxd4 37. Nd1 Bd3+ 38. Ke1 Bxc4 39. a4 Rh8 40. Kd2 e5 41. Ra3 f5 42. Rg3+ Kf6 43. Nb2 Bd5 44. Nd3 Rh1 45. Nb2 Rf1 46. Nd1 e4 47. Rh3 Ke5 48. Rh6 Bb3 49. Nb2 Rxf2+ 50. Kc1 d3 51. Rxb6 d2+ 52. Kb1 Rf1+ 53. Nd1 Rxd1+ 54. Kb2 0-1

[Event "Titled Tuesday intern op 27th Sep Early"]
[Site "Chess.com INT"]
[Date "2022.09.27"]
[Round "11"]
[White "Flis, Pawel"]
[Black "Nord, Alexander"]
[Result "1/2-1/2"]
[WhiteElo "1936"]
[BlackElo "2177"]
[PlyCount "110"]
[EventDate "2022.09.27"]
[EventType "swiss (blitz)"]
[EventRounds "11"]
[EventCountry "USA"]
[SourceTitle "CBM 210 Extra"]
[Source "ChessBase"]
[SourceDate "2022.11.30"]
[SourceVersion "1"]
[SourceVersionDate "2022.11.30"]
[SourceQuality "1"]

1. e4 c6 2. d4 d5 3. Nd2 dxe4 4. Nxe4 Bf5 5. Ng3 Bg6 6. Nf3 Nd7 7. h4 h6 8. h5 Bh7 9. Bd3 Bxd3 10. Qxd3 Ngf6 11. Bd2 e6 12. Qe2 Be7 13. Ne5 0-0 14. 0-0-0 Qc7 15. f4 c5 16. dxc5 Nxc5 17. Be3 Rac8 18. Kb1 Nd5 19. Bxc5 Qxc5 20. Rhf1 Ne3 21. Nd7 Qxc2+ 22. Qxc2 Rxc2 23. Nxf8 Rxg2 24. Rg1 Rxg1 25. Rxg1 Kxf8 26. Rc1 Bd6 27. Ne2 Nd5 28. Rd1 Ke7 29. f5 Nf6 30. fxe6 fxe6 31. Rh1 e5 32. Kc2 Ke6 33. Kd3 Kf5 34. Ng3+ Kg4 35. Ne4 Nd5 36. Nxd6 Nf4+ 37. Ke4 Nxh5 38. Kxe5 Ng3 39. Rg1 Kf3 40. Rxg3+ Kxg3 41. Nf5+ Kg4 42. Nxg7 Kg5 43. Kd6 Kg6 44. Ne6 Kf5 45. Ng7+ Kg6 46. Ne6 Kf6 47. Nf4 Kf5 48. Ng2 h5 49. Kc7 Kg4 50. Kxb7 Kf3 51. Nh4+ Kg4 52. Ng6 Kf5 53. Nh4+ Kg4 54. Ng2 Kf3 55. Nh4+ Kg4 1/2-1/2

[Event "SWE-ch U20"]
[Site "Uppsala"]
[Date "2022.07.09"]
[Round "8"]
[White "Wernberg, Hugo"]
[Black "Nord, Alexander"]
[Result "1-0"]
[WhiteElo "2316"]
[BlackElo "2200"]
[PlyCount "95"]
[EventDate "2022.07.02"]
[EventType "tourn"]
[EventRounds "9"]
[EventCountry "SWE"]
[SourceTitle "CBM 209 Extra"]
[Source "ChessBase"]
[SourceDate "2022.09.30"]
[SourceVersion "1"]
[SourceVersionDate "2022.09.30"]
[SourceQuality "1"]

1. c4 e5 2. Nc3 Nf6 3. Nf3 Nc6 4. e4 Bb4 5. d3 d6 6. a3 Bc5 7. b4 Bd4 8. Nxd4 Nxd4 9. Be2 a5 10. b5 c6 11. 0-0 0-0 12. Rb1 Ne6 13. Be3 c5 14. Qd2 Nd4 15. h3 Be6 16. f4 Nxe2+ 17. Nxe2 exf4 18. Bxf4 Qc7 19. Rbc1 Nd7 20. d4 f6 21. Rfd1 Rfd8 22. Qe3 Nf8 23. Bg3 Bf7 24. Kh2 Ng6 25. Nf4 Nxf4 26. Bxf4 Rac8 27. Qg3 Qe7 28. e5 dxe5 29. dxe5 Rxd1 30. exf6 Qxf6 31. Rxd1 Be6 32. Rd6 Qf7 33. a4 Re8 34. Bd2 Bxc4 35. Bxa5 Bb3 36. Qg4 Be6 37. Qg5 Qe7 38. Qxc5 Bf7 39. Qd4 Qe4 40. Bc3 Qxd4 41. Bxd4 Be6 42. a5 Kf7 43. a6 bxa6 44. bxa6 g5 45. a7 Rc8 46. Rc6 Re8 47. Rc7+ Kg6 48. Re7 1-0

[Event "SWE-ch U20"]
[Site "Uppsala"]
[Date "2022.07.05"]
[Round "4"]
[White "Olsson, William"]
[Black "Nord, Alexander"]
[Result "1-0"]
[WhiteElo "2284"]
[BlackElo "2200"]
[PlyCount "197"]
[EventDate "2022.07.02"]
[EventType "tourn"]
[EventRounds "9"]
[EventCountry "SWE"]
[SourceTitle "CBM 209 Extra"]
[Source "ChessBase"]
[SourceDate "2022.09.30"]
[SourceVersion "1"]
[SourceVersionDate "2022.09.30"]
[SourceQuality "1"]

1. c4 e5 2. g3 Nf6 3. Bg2 d5 4. cxd5 Nxd5 5. Nf3 Nc6 6. 0-0 Nb6 7. b3 Bd6 8. Bb2 0-0 9. Nc3 Qe7 10. Nb5 f6 11. d4 exd4 12. Nxd6 Qxd6 13. Nxd4 Nxd4 14. Bxd4 Rd8 15. e3 c6 16. Qc2 Be6 17. Be4 h6 18. Bg2 Kh8 19. Rfd1 Qe7 20. e4 Nd7 21. f4 Bg8 22. Re1 Rdc8 23. Rad1 Rd8 24. Bf2 a5 25. Rd3 Nf8 26. Rxd8 Qxd8 27. e5 fxe5 28. Rxe5 Nd7 29. Re1 Nf6 30. Qb2 a4 31. Bd4 axb3 32. axb3 Qf8 33. Qc3 Qf7 34. b4 Re8 35. Rxe8 Nxe8 36. h3 Qd7 37. Qc5 Qf7 38. b5 cxb5 39. Qxb5 Nd6 40. Qb6 Qd7 41. Be5 Nf7 42. Bc7 Qd1+ 43. Kh2 Qd2 44. Qxb7 Nd6 45. Qc6 Nf5 46. Be5 Qe3 47. Qc3 Qf2 48. Qf3 Qd2 49. Bc3 Qc2 50. Be1 Nd4 51. Qf2 Qc5 52. Qd2 Nf5 53. Bf2 Qe7 54. Qd3 Qf7 55. Qe2 Qd7 56. g4 Ne7 57. Kg3 Bd5 58. Bf1 Bg8 59. Qb5 Qd2 60. Qd3 Qc1 61. Bg2 Qc7 62. Bd4 Nc8 63. Qg6 Qe7 64. Qxh6+ Bh7 65. Qc6 Nd6 66. Be5 Nf7 67. Qc7 Qa3+ 68. Qc3 Qf8 69. Bd4 Nd6 70. Qe3 Nc4 71. Qf3 Nd6 72. Qa8 Ne8 73. Be5 Qe7 74. Bf3 Bg8 75. Qc6 Bf7 76. g5 Be6 77. h4 Kg8 78. Bg4 Bf7 79. g6 Ba2 80. Qd7 Qxd7 81. Bxd7 Nf6 82. Bxf6 gxf6 83. f5 Kg7 84. Be6 Bb1 85. Kf4 Bc2 86. Bd5 Bd3 87. Bf3 Bc2 88. Bg4 Bd3 89. Ke3 Bc2 90. Kd4 Bb3 91. Kc5 Bc2 92. Kd6 Bb3 93. Ke7 Bc4 94. h5 Bb5 95. Bh3 Bc6 96. h6+ Kxh6 97. Kxf6 Be8 98. Bf1 Bd7 99. g7 1-0

[Event "SWE-chT 2122 Elite"]
[Site "Sweden"]
[Date "2021.12.04"]
[Round "1.4"]
[White "Olofsson Dolk, Mattis"]
[Black "Nord, Alexander"]
[Result "1/2-1/2"]
[WhiteElo "2179"]
[BlackElo "2125"]
[PlyCount "67"]
[EventDate "2021.12.03"]
[EventType "team-tourn"]
[EventRounds "9"]
[EventCountry "SWE"]
[SourceTitle "EXT 2023"]
[Source "ChessBase"]
[SourceDate "2022.10.05"]
[SourceVersion "1"]
[SourceVersionDate "2022.10.05"]
[SourceQuality "1"]
[WhiteTeam "Vaxjo"]
[BlackTeam "Lunds"]
[WhiteTeamCountry "SWE"]
[BlackTeamCountry "SWE"]

1. e4 c5 2. Nf3 d6 3. d4 cxd4 4. Nxd4 Nf6 5. Nc3 a6 6. h3 e5 7. Nde2 h5 8. Bg5 Be6 9. Bxf6 Qxf6 10. Nd5 Qd8 11. Qd3 Nd7 12. 0-0-0 g6 13. Nec3 Nc5 14. Qf3 Bg7 15. Kb1 0-0 16. g4 h4 17. Ne3 b5 18. Rg1 Qg5 19. Be2 Rfd8 20. Ncd5 Bxd5 21. Nxd5 Ne6 22. c3 Nf4 23. Nxf4 exf4 24. Rd5 Qe7 25. Qxf4 Be5 26. Qe3 g5 27. Rgd1 Kg7 28. Bd3 Rab8 29. a3 Bf4 30. Qf3 Be5 31. Qe3 Bf4 32. Qe2 Be5 33. Bc2 Rb6 34. Bd3 1/2-1/2

[Event "Uppsala Young Champions 8th"]
[Site "Uppsala"]
[Date "2021.11.03"]
[Round "9"]
[White "Falkevall, Axel"]
[Black "Nord, Alexander"]
[Result "1-0"]
[WhiteElo "2276"]
[BlackElo "2169"]
[PlyCount "93"]
[EventDate "2021.10.29"]
[EventType "swiss"]
[EventRounds "9"]
[EventCountry "SWE"]
[SourceTitle "CBM 205 Extra"]
[Source "ChessBase"]
[SourceDate "2022.01.31"]
[SourceVersion "1"]
[SourceVersionDate "2022.01.31"]
[SourceQuality "1"]

1. e4 c5 2. c3 Nf6 3. e5 Nd5 4. d4 cxd4 5. Nf3 Nc6 6. cxd4 e6 7. a3 d6 8. Bd3 Be7 9. 0-0 0-0 10. Qe2 dxe5 11. dxe5 f5 12. exf6 Bxf6 13. Rd1 Bd7 14. Qe4 g6 15. Nbd2 Qc7 16. Qc4 Bg7 17. Ne4 Rae8 18. Qc5 Ne5 19. Nxe5 Bxe5 20. Qxc7 Bxc7 21. Bh6 Rf7 22. g3 Bc6 23. Re1 Nf6 24. Nxf6+ Rxf6 25. Bg5 Rff8 26. Bc4 Bd5 27. Bxd5 exd5 28. Bh6 Rxe1+ 29. Rxe1 Rf5 30. Re7 Bb6 31. Rg7+ Kh8 32. Rxb7 Kg8 33. Rb8+ Kf7 34. Rf8+ Ke6 35. Rxf5 Kxf5 36. Kf1 a6 37. f3 Bc5 38. Ke2 g5 39. h4 gxh4 40. gxh4 Kg6 41. Bg5 Bb6 42. b4 h6 43. Be7 Kf5 44. a4 Kf4 45. Bc5 Bd8 46. a5 Kg3 47. b5 1-0

[Event "EU-Cup 36th"]
[Site "Struga"]
[Date "2021.09.22"]
[Round "5.6"]
[White "Nord, Alexander"]
[Black "Jonsson, Gauti Pall"]
[Result "1/2-1/2"]
[WhiteElo "2144"]
[BlackElo "2053"]
[PlyCount "66"]
[EventDate "2021.09.18"]
[EventType "team-swiss"]
[EventRounds "7"]
[EventCountry "MKD"]
[SourceTitle "CBM 204 Extra"]
[Source "ChessBase"]
[SourceDate "2021.11.30"]
[SourceVersion "1"]
[SourceVersionDate "2021.11.30"]
[SourceQuality "1"]
[WhiteTeam "Lunds"]
[BlackTeam "Reykjavik"]
[WhiteTeamCountry "SWE"]
[BlackTeamCountry "ISL"]

1. d4 Nf6 2. Nf3 b6 3. g3 Bb7 4. Bg2 g6 5. 0-0 Bg7 6. c4 0-0 7. b3 c5 8. Bb2 cxd4 9. Bxd4 Nc6 10. Bb2 d6 11. Nbd2 Qc7 12. Rc1 Rad8 13. e4 Nb4 14. Qe2 Nxa2 15. Ra1 Nb4 16. Rxa7 Nc6 17. Raa1 Ra8 18. h3 Rxa1 19. Rxa1 Ra8 20. Rxa8+ Bxa8 21. e5 dxe5 22. Nxe5 Nxe5 23. Bxe5 Qa7 24. Bxa8 Qxa8 25. Bf4 Qd8 26. Nf3 Nd7 27. b4 e5 28. Be3 e4 29. Nd2 Qe7 30. c5 bxc5 31. Bxc5 Nxc5 32. bxc5 Qxc5 33. Nxe4 Qe7 1/2-1/2

[Event "Vaxjo op"]
[Site "Vaxjo"]
[Date "2020.02.07"]
[Round "2"]
[White "Akesson, Ralf"]
[Black "Nord, Alexander"]
[Result "1-0"]
[WhiteElo "2378"]
[BlackElo "1997"]
[PlyCount "107"]
[EventDate "2020.02.07"]
[EventType "swiss"]
[EventRounds "8"]
[EventCountry "SWE"]
[SourceTitle "CBM 194 Extra"]
[Source "ChessBase"]
[SourceDate "2020.03.31"]
[SourceVersion "1"]
[SourceVersionDate "2020.03.31"]
[SourceQuality "1"]

1. Nf3 Nf6 2. c4 e6 3. Nc3 d5 4. d4 Be7 5. Bf4 0-0 6. e3 b6 7. cxd5 Nxd5 8. Nxd5 Qxd5 9. Bd3 Bb4+ 10. Ke2 Bb7 11. Qc2 h6 12. Rhd1 Rc8 13. e4 Qd8 14. Rac1 Bd6 15. Qd2 Nd7 16. Kf1 Bxf4 17. Qxf4 c5 18. d5 exd5 19. exd5 Bxd5 20. Bf5 Be6 21. Bxe6 fxe6 22. Qe4 Qe7 23. Qb7 Rd8 24. Ne5 Rab8 25. Qxa7 Ra8 26. Nc6 Qf7 27. Nxd8 Rxa7 28. Nxf7 Kxf7 29. a3 Ke7 30. Rc3 Rc7 31. a4 Nf6 32. Rg3 Kf7 33. Rd8 Ra7 34. Ra3 Rb7 35. Rc8 Ke7 36. f3 Kd7 37. Ra8 Ke7 38. Ke2 Nd5 39. Rb3 Rc7 40. Rb5 Nf4+ 41. Kf2 Nd5 42. a5 bxa5 43. Rbxa5 Kf6 44. R5a7 Rc6 45. Ra6 Rxa6 46. Rxa6 Ke5 47. g3 Nb4 48. Ra7 Nd3+ 49. Ke3 Nxb2 50. Rxg7 Kf6 51. Rc7 Na4 52. Ke4 Nc3+ 53. Kd3 Na4 54. Rb7 1-0

[Event "Helsingor Xtracon op"]
[Site "Helsingor"]
[Date "2019.07.25"]
[Round "7"]
[White "Thuesen, Mogens Henrik"]
[Black "Nord, Alexander"]
[Result "1/2-1/2"]
[WhiteElo "2111"]
[BlackElo "1893"]
[PlyCount "80"]
[EventDate "2019.07.20"]
[EventType "swiss"]
[EventRounds "10"]
[EventCountry "DEN"]
[SourceTitle "CBM 191 Extra"]
[Source "ChessBase"]
[SourceDate "2019.09.30"]
[SourceVersion "1"]
[SourceVersionDate "2019.09.30"]
[SourceQuality "1"]

1. d4 e6 2. g3 Nf6 3. Bg2 d5 4. Nf3 Be7 5. c4 0-0 6. 0-0 c6 7. Qc2 b6 8. Nc3 Bb7 9. b3 Nbd7 10. e4 dxe4 11. Nxe4 c5 12. Nxf6+ Nxf6 13. dxc5 Be4 14. Qc3 bxc5 15. Bb2 Qc7 16. Rfe1 Bc6 17. Rad1 Rfd8 18. Ne5 Bxg2 19. Kxg2 Bf8 20. Qf3 Rxd1 21. Rxd1 Rc8 22. g4 Bd6 23. Rxd6 Qxd6 24. g5 Qd2 25. gxf6 Qxb2 26. Qg3 g6 27. Qg5 Kf8 28. Nd7+ Ke8 29. Nxc5 Qd4 30. Na4 Qe4+ 31. Kg1 Rd8 32. Qb5+ Kf8 33. Qb4+ Kg8 34. Nc3 Qg4+ 35. Kf1 Qf4 36. Qe7 Rf8 37. Nb5 Qc1+ 38. Kg2 Qg5+ 39. Kf1 Qc1+ 40. Kg2 Qg5+ 1/2-1/2

[Event "Helsingor Xtracon op"]
[Site "Helsingor"]
[Date "2019.07.21"]
[Round "2"]
[White "Hojgaard, Brandur"]
[Black "Nord, Alexander"]
[Result "1-0"]
[WhiteElo "1683"]
[BlackElo "1893"]
[PlyCount "59"]
[EventDate "2019.07.20"]
[EventType "swiss"]
[EventRounds "10"]
[EventCountry "DEN"]
[SourceTitle "CBM 191 Extra"]
[Source "ChessBase"]
[SourceDate "2019.09.30"]
[SourceVersion "1"]
[SourceVersionDate "2019.09.30"]
[SourceQuality "1"]

1. d4 Nf6 2. Nf3 e6 3. Bf4 d5 4. e3 c5 5. c3 Nc6 6. Nbd2 Bd6 7. Bg3 0-0 8. Bd3 b6 9. Qe2 Bb7 10. 0-0 Bxg3 11. hxg3 Qc7 12. e4 cxd4 13. e5 Nd7 14. cxd4 g6 15. Rac1 Qd8 16. Qe3 Qe7 17. Rfe1 Rfc8 18. a3 Rc7 19. Rc2 Rac8 20. Rec1 Nf8 21. Nh2 Na5 22. Ng4 Rxc2 23. Rxc2 Rxc2 24. Bxc2 Ba6 25. Qh6 Be2 26. Nf6+ Kh8 27. Qe3 Qc7 28. Qh6 Qe7 29. b3 Qxa3 30. Ne8 1-0